Survey of the theory of rubberlike elasticity (1965 reviews) (Record no. 70042)
[ view plain ]
| 000 -LEADER | |
|---|---|
| fixed length control field | 00401nam a2200145Ia 4500 |
| 100 ## - MAIN ENTRY--AUTHOR NAME | |
| Personal name | Krigbaum W R |
| 245 #0 - TITLE STATEMENT | |
| Title | Survey of the theory of rubberlike elasticity (1965 reviews) |
| 260 ## - PUBLICATION, DISTRIBUTION, ETC. (IMPRINT) | |
| Name of publisher | Rubber Chemistry and Technology |
| Year of publication | 1965 |
| 300 ## - PHYSICAL DESCRIPTION | |
| Number of Pages | 1039-1069 |
| 650 ## - SUBJECT ADDED ENTRY--TOPICAL TERM | |
| Topical Term | 1965 reviews |
| 650 ## - SUBJECT ADDED ENTRY--TOPICAL TERM | |
| Topical Term | Elasticity |
| 700 ## - ADDED ENTRY--PERSONAL NAME | |
| Personal name | Roe |
| 942 ## - ADDED ENTRY ELEMENTS (KOHA) | |
| Koha item type | Journals |
| 700 ## - ADDED ENTRY--PERSONAL NAME | |
| -- | Ryong-Joon |
| Withdrawn status | Lost status | Damaged status | Not for loan | Home library | Current library | Shelving location | Date acquired | Serial Enumeration / chronology | Koha item type |
|---|---|---|---|---|---|---|---|---|---|
| Journals | RRII Library | RRII Library | Rubber chemistry | 17/12/2021 | Volume 38, Issue 5 | Journals |